000 00679nam a22001937a 4500
005 20120119112545.0
020 _a9788124323274
_c55.00
082 _aS
100 _aJoshi, Yogesh
_939600
245 _aKrishna 1 /
_cby Yogesh Joshi; illustrated by Siddhartha Mukherjee
260 _aMumbai
_bNavneet Publications,
_c200?
270 _aBhavani Shankar Road, Dadar
_bMumbai
_e400028
300 _a40p
_bill (col)
_c24 cm (Pbk)
490 _aClassic literature for children
_v1
_939601
500 _aset of 8 books
700 _aMukherjee, Siddhartha
_939552
942 _2ddc
_cCH
_hS
_mJOS
999 _c61165
_d61165